| 000 | 01284cam a2200301 i 4500 | ||
|---|---|---|---|
| 003 | SA-RiAUC | ||
| 005 | 20241026110058.0 | ||
| 008 | 241025s1996 ||| g 000r0 ara c | ||
| 040 |
_aSA-RiAUC _bara _cSA-RiAUC _erda |
||
| 082 | 0 | 4 | _a252.3 |
| 090 |
_a252.3 _bا ب ن ت |
||
| 100 | 1 |
_aابن تيمية، أحمد بن عبد الحليم بن عبد السلام، _d661-728 هجري _eمؤلف. |
|
| 245 | 1 | 0 |
_aكتاب الصيام من شرح العمدة / _cتأليف أبي العباس أحمد بن عبد الحليم بن عبد السلام الدمشقي ؛ تحقيق زائد بن أحمد النشيري. |
| 246 | 3 | 0 | _aالصيام من شرح العمدة |
| 250 | _aالطبعة الأولى. | ||
| 264 | 1 |
_a[مكان النشر غير محدد] : _bدار الأنصاري، _c[1996] |
|
| 300 |
_a2 مجلد ؛ _c24 سم |
||
| 336 |
_aنص _btxt _2rdacontent _3كتاب |
||
| 337 |
_aبدون وسيط _bn _2rdamedia |
||
| 338 |
_aمجلد _bnc _2rdacarrier |
||
| 650 | 7 |
_aالصوم (إسلام) _2aucsh |
|
| 650 | 7 |
_aالفقه الحنبلي _2aucsh |
|
| 700 | 1 |
_aالنشيري، زائد بن أحمد _eمحقق. |
|
| 740 | 0 | _aشرح العمدة. | |
| 740 | 2 | _aالعمدة. | |
| 942 |
_2ddc _cBOOK _n0 |
||
| 949 |
_aSA-JeALM _d241025 _umohamedma123 _n1 |
||
| 999 |
_c1719 _d1719 |
||